000
00331nam a2200145Ia 4500
005
20251222143318.0
008
251222s9999||||xx |||||||||||||| ||spa||
020
_a
9788498725575
082
_a
813.54/R53
100
_a
Rice, Anne
245
0
_a
La Noche de todos los Santos
250
_a
1ra.ed.
264
_b
Zeta
942
_c
LIB
999
_c
15978
_d
15978